| 000 | 00544nam a22001697a 4500 | ||
|---|---|---|---|
| 005 | 20141114105243.0 | ||
| 008 | 141114b xxu||||| |||| 00| 0 eng d | ||
| 020 | _a9789719800651 | ||
| 050 |
_aQL 53 _b.C37 2013 |
||
| 100 | _aCapili, Nieves L. | ||
| 245 |
_aGeneral zoology : _ba laboratory manual / _cNieves L. Capili and Ramil V. Flores. |
||
| 260 |
_aQuezon City, Philippines : _bC & E Publishing, _cc2013. |
||
| 300 |
_a125 pages : _billustrations ; _c26 cm. |
||
| 521 | _aGeneral Education | ||
| 650 | _aZoology. | ||
| 942 |
_2lcc _cBK _kFOR |
||
| 999 |
_c276797 _d276797 |
||